000
00295 a2200121 4500
000
nam a22 7a 4500
005
20260223121540.0
020
_a
9789369449019
100
_a
Balendu Dwivedi
_9
1116516
245
_a
Badshah Salamt Hazir Hon
260
_b
Vani Prakashan
_c
2025
942
_c
TEXL
999
_c
1680115
_d
1680115